LDR 00737naa#a2200181#i#450# 001 EN\\bibl\121458 005 20260429050935.3 011 ## _a1994-4683 100 ## _a20230531b2023####ek#y0engy0150####ca 102 ## _aRU 200 1# _aANALYSIS OF RELATIONSHIPS BETWEEN THE PERFORMANCE INDICATORS OF TACTICAL ACTIONS IN RAPID ATTACK AND THE LEVEL OF DEVELOPMENT OF SPECIALIZED PERCEPTIONS OF QUALIFIED HANDBALL PLAYERS _eJournal article 210 1# _aMoscow _cNational State University of Physical Education, Sports and Health named after P.F. Lesgaft _d2023 215 ## _a3 с. 608 ## _aJournal article _2local 675 ## _aГандбол на большой площадке. 796.322.2 _z 700 #1 _a _g 700 #1 _a _g 856 4# _auchzapiski.lesgaft.spb.ru _u